Orange is the New Black Theme Song Quiz Stats

 Plays Quiz Updated Jun 15, 2015

Also try: Friends Theme Song
Challenge
Share
Tweet
Embed
Score 0/72 Timer 04:00
5 Plays Today
% Correct
The
98.4%
the
98.4%
the
98.4%
The
98.4%
The
98.4%
the
98.4%
the
98.4%
is
92.2%
is
92.2%
is
92.2%
is
92.2%
is
92.2%
is
92.2%
is
92.2%
you,
91.5%
time.
88.5%
time
88.5%
time.
88.5%
time.
88.5%
got
86.5%
got
86.5%
got
86.5%
and
86.2%
and
86.2%
And
86.2%
And
86.2%
cage
85%
cage
85%
full.
82.7%
full.
82.7%
you've
81.4%
you've
81.4%
you've
81.4%
animals,
81.2%
animals,
81.2%
on
75.7%
% Correct
'til
73.1%
all
72.9%
all
72.9%
all
72.8%
all
72.8%
waitin',
72.2%
waitin '
72.2%
trapped,
69.4%
trapped,
69.4%
trapped
69.4%
new,
68.9%
everyone
68.4%
day
68.3%
of
68.3%
of
68.3%
Think
64.7%
Think
64.7%
their
64.7%
their
64.7%
their
64.7%
voices.
61%
easy.
60.9%
faces.
60.9%
second
59.5%
around.
59.1%
hard.
59%
still
57.3%
Standing
57.2%
Remember
56.5%
Remember
56.5%
roads.
55%
Taking
55%
steps
54.7%
Everything
52.7%
crossings.
50.8%
different
50.4%

You're not logged in!

Compare scores with friends on all Sporcle quizzes.
Join for Free
OR
Log In

You Might Also Like...

Show Comments

Extras

Top Quizzes Today


Score Distribution

Your Account Isn't Verified!

In order to create a playlist on Sporcle, you need to verify the email address you used during registration. Go to your Sporcle Settings to finish the process.

Report this User

Report this user for behavior that violates our Community Guidelines.

Details: